Statistics for Ford Models

Click here to take the quiz!

General Stats

  • This quiz has been taken 113 times
  • The average score is 34 of 335

Answer Stats

Answer% Correct
Fiesta
85%
Mustang
85%
F-150
75%
GT
69%
Model-T
67%
Model T
67%
F-250
64%
EXP
62%
F-350
62%
Ranger
60%
Explorer
56%
Transit
56%
Bronco
53%
F-450
51%
Model A
51%
Escape
49%
Fusion
49%
Edge
47%
Expedition
45%
Taurus
45%
Escort
42%
Crown Victoria
40%
EcoSport
38%
Thunderbird
38%
Galaxie
36%
Galaxy
36%
GT40
35%
Mondeo
35%
Kuga
33%
Ka
31%
Model B
31%
Model F
31%
Capri
29%
Fairlane
29%
Falcon
29%
Flex
29%
Excursion
27%
Model R
27%
Pinto
27%
Model C
25%
Cougar
24%
Granada
24%
Model K
24%
S-MAX
24%
S-Max
24%
C-MAX
22%
Cortina
22%
Model S
22%
Model Y
22%
Puma
22%
Tourneo
22%
Anglia
20%
E-Series
20%
F-Series
20%
LTD
20%
Model N
20%
Super Duty
20%
Consul
18%
Contour
18%
Mustang Mach-E
18%
Probe
18%
Ranchero
18%
Territory
18%
Torino
18%
Aerostar
16%
B-Max
16%
Courier
16%
Custom
16%
Festiva
16%
Five Hundred
16%
Model TT
16%
Scorpio
16%
Squire
16%
Zephyr
16%
Aspire
15%
Bronco II
15%
Del Rey
15%
Orion
15%
Tempo
15%
Bronco Sport
13%
C-Series
13%
Econoline
13%
Everest
13%
Fairmont
13%
Model AA
13%
Popular
13%
Windstar
13%
Corsair
11%
Durango
11%
Landau
11%
Verona
11%
AC
9%
Cargo
9%
Consul Classic
9%
Corcel
9%
Crestline
9%
D-Series
9%
Freestar
9%
Freestyle
9%
Laser
9%
L-Series
9%
Model BB
9%
N-Series
9%
Parklane
9%
Pilot
9%
Prefect
9%
RS200
9%
Transit Connect
9%
300
7%
7W
7%
A-Series
7%
B-Series
7%
Del Rio
7%
Deluxe
7%
Endeavour
7%
Mainline
7%
Pronto
7%
Roadster
7%
Telstar
7%
Versailles
7%
W-Series
7%
2GA
5%
Country Sedan
5%
Elite
5%
Explorer Sport Trac
5%
Fiera
5%
Ikon
5%
Jeep
5%
LTD Crown Victoria
5%
Model 21A/2GA
5%
Model 46
5%
Model 50
5%
Model 51
5%
Model 59
5%
Model 68
5%
Model 69
5%
Model 75
5%
Model 78
5%
Model 79
5%
Model 81/82
5%
Model 83
5%
Model 91
5%
Model 91/92/922
5%
P-Series
5%
R-Series
5%
Skyliner
5%
Super Deluxe
5%
Victoria
5%
XL
5%
427
4%
70
4%
C100
4%
CL-Series
4%
Crestliner
4%
Custom 500
4%
Custom Deluxe
4%
Customline
4%
Figo
4%
Fusion Energi
4%
Fusion Hybrid
4%
Futura
4%
GT70
4%
GTX1
4%
H-Series
4%
LCF
4%
LTD II
4%
Meteor
4%
Model 18
4%
Model 19
4%
Model 40
4%
Model 48
4%
Model 67
4%
Model 73/77
4%
Pampa
4%
Raider
4%
Ranch Wagon
4%
Royale
4%
Shelby GT350
4%
Shelby GT500
4%
SVT Raptor
4%
Taurus X
4%
Tourneo Connect
4%
Transcontinental
4%
01A/02A
2%
09-B
2%
19B
2%
19-B
2%
29-B
2%
29B
2%
49-B
2%
59-B
2%
69-B
2%
72B
2%
79-B
2%
81-B
2%
91-B
2%
Abeile
2%
Alpe
2%
Aurora
2%
Aurora II
2%
Capri RS
2%
Comete
2%
CX
2%
Delivery Car
2%
Eifel
2%
Escape PHEV
2%
Escort RS Cosworth
2%
Executive
2%
Expedition Max
2%
Fiesta R5
2%
Fiesta R5 WRC
2%
Focus RS WRC
2%
LTD Australia
2%
Model 01/02
2%
Model AC
2%
Mustang GTP
2%
Mustang Maxum GTP
2%
Mustang Probe GTP
2%
Mustero
2%
P68
2%
P69
2%
Panel Truck
2%
Ranchero Rio Grande
2%
Ranger EV
2%
Ranger International
2%
Sierra RS Cosworth
2%
Special
2%
Special Service Plug-In Hybrid
2%
Spectron
2%
SportKa
2%
Standard
2%
StreetKa
2%
Sunliner
2%
Supervan
2%
Ten-Ten
2%
Transit-150 Cargo
2%
Transit-250 Cargo
2%
Transit-250 Crew
2%
Transit-350 Cargo
2%
Transit Courier
2%
Transit Custom
2%
ZX2
2%
000 Thousand Series
0%
021C
0%
10 Series
0%
24.7 Coupe
0%
24.7 Pickup
0%
24.7 Wagon
0%
30 Utility Series
0%
3-Ton M1918
0%
40 Series
0%
4-Trac
0%
600 Series Tractors
0%
700 Series
0%
8*30 Powershift Series
0%
8*30 Utility Series
0%
Allegro
0%
Allegro II
0%
Altair
0%
APV
0%
Arioso
0%
Atlas
0%
Avantgarde
0%
Barchetta
0%
Brezza
0%
Bronco Sixth-Generation
0%
Capri Australia
0%
Contry Squire
0%
E450 Super Duty Minibus
0%
Escort ES 1700T
0%
ET7
0%
ET7 Aqualine
0%
Expedition EL/Max
0%
Focus C-MAX
0%
Freighter
0%
G6
0%
G6E
0%
G7
0%
G997
0%
GPA
0%
GP Limited
0%
GPW
0%
GTB (Burma Jeep)
0%
Hawke
0%
Husky
0%
Koln
0%
M151
0%
M1 Bomb Service Truck
0%
M38A1CDN
0%
M38CDN
0%
M656
0%
M8 Greyhound
0%
Mainline Coupe Utility
0%
MBC Series Minibus
0%
MB Series Minibus
0%
Minibus E350
0%
Minibus F450
0%
Model 11A/1GA
0%
Model 4-46
0%
Model 69A/6GA
0%
Model 79A/7GA
0%
Model 81A
0%
Model 82A
0%
Model 8-46
0%
Model 87HA/89A
0%
Model 92A
0%
Model C Ten
0%
Mondeo Metrostar
0%
NAA Series Tractors
0%
N Series Tractors
0%
Powermaster
0%
Quadricycle
0%
Rheinland
0%
Sedan Delivery
0%
Specialty Trolley
0%
T16 Universal Carrier
0%
T17 Deerhound
0%
Thames 300E
0%
Thames 400E
0%
Trader
0%
Transit Custom Nugget
0%
TW Series
0%
Universal Carrier MK I & MK II
0%
Vadette
0%
Vanette
0%
Vendome
0%
Workmaster
0%
Zephyr-Zodiac
0%

Score Distribution

Percentile by Number Answered

Percent of People with Each Score

Your Score History

You have not taken this quiz